Humanscapes : (Record no. 78361)

MARC details
000 -LEADER
fixed length control field 00578nam a22002057a 4500
005 - DATE AND TIME OF LATEST TRANSACTION
control field 20130911112654.0
010 ## - LCCN (DPL NO)
LC control number ENG-108275
020 ## - INTERNATIONAL STANDARD BOOK NUMBER
Terms of availability 160.00
International Standard Book Number 9789382363026
020 ## - INTERNATIONAL STANDARD BOOK NUMBER
Terms of availability 160.00
International Standard Book Number 9382363025
035 ## - SYSTEM CONTROL NUMBER
System control number EN-91808
037 ## - SOURCE OF ACQUISITION
Source of stock number/acquisition DBAD/PUB
082 ## - DEWEY DECIMAL CLASSIFICATION NUMBER
Classification number S
100 ## - MAIN ENTRY--PERSONAL NAME
Personal name Raghunandan
245 ## - TITLE STATEMENT
Title Humanscapes :
Statement of responsibility, etc by Raghunandan
Remainder of title stories on human nature /
260 ## - PUBLICATION, DISTRIBUTION, ETC. (IMPRINT)
Place of publication, distribution, etc New Delhi
Name of publisher, distributor, etc Mind Melodies
Date of publication, distribution, etc 2013
270 ## - ADDRESS
Address B-65, Mansa Ram Park, near Master Palace
City New Delhi
Postal code 11005907
300 ## - PHYSICAL DESCRIPTION
Extent 176p.
Dimensions 20cm(pbk)
500 ## - GENERAL NOTE
General note Includes index
942 ## - ADDED ENTRY ELEMENTS (KOHA)
Source of classification or shelving scheme Dewey Decimal Classification
Item type English Books
Call number suffix RAG
Classification part S
Holdings
Withdrawn status Lost status Not for loan Collection code Home library Current library Date acquired Source of acquisition Cost, normal purchase price Full call number Barcode Copy number Cost, replacement price Koha item type
    Not For Loan Non-fiction D.B.Act.Division D.B.Act.Division 05/08/2013 DBAD/PUB 160.00 RAG EN-91808 1 160.00 English Books

© Delhi Public Library
Hit Counter
free hit counter